000 00310nam a22001457a 4500
008 210607b ||||| |||| 00| 0 eng d
020 _a9780078227455
041 _aeng
080 _a53
082 _a53
100 _a43
101 _aFIZ
245 _aPhysical Science
_cMarilyn Thompson
942 _2udc
_cBK
999 _c58054
_d58054